Nonlinear editing basics : electronic film and video editing

Αποθηκεύτηκε σε:
Λεπτομέρειες βιβλιογραφικής εγγραφής
Κύριος συγγραφέας: Browne, Steven E.
Μορφή: Βιβλίο
Γλώσσα:English
Δημοσίευση: Boston : Focal Press, c1998
Θέματα:
Ετικέτες: Προσθήκη ετικέτας
Δεν υπάρχουν, Καταχωρήστε ετικέτα πρώτοι!

MARC

LEADER 00000nam a2200000 i 4500
001 1/73368
008 050315s1998 eng d
020 |a 0-240-80282-9 
035 |l 10077076 
040 |a GR-MY-UA  |b gre  |e aacr 
041 0 |a eng 
082 0 |a 778.52350285  |2 (21) 
100 1 |a Browne, Steven E. 
245 1 0 |a Nonlinear editing basics :  |b electronic film and video editing /  |c Steven E. Browne 
260 |a Boston :   |b Focal Press,   |c c1998 
300 |a xiv, 218 σ.;  |b εικ.;  |c 23 εκ. 
504 |a Περιέχει βιβλιογραφικές παραπομπές και ευρετήριο 
650 0 0 |a Motion pictures  |x Editing  |x Data processing. 
650 0 0 |a Video tapes  |x Editing  |x Data processing. 
852 |a INST  |b LESVOS  |e 20050315  |h 778.52350285 BRO  |p 005100030083  |q 005100030083  |t BK  |y 0 
901 |a BIBL1-2005-1 
909 |a Λ  |b 113662 
920 |a ΔΙΕΥΡΥΝΣΗ  |b ΕΠΕΑΕΚ-ΠΤΕ  |y ΛΕΣΒΟΣ  |z 2004-10 
970 |a ΜΑΡΙΝΑΤΟΥ  |b ΜΥΡΣΙΝΗ  |z 2005/03/15